000 01078nam a2200265Ia 4500
003 OSt
005 20220923211609.0
006 a|||||r|||| 00| 0
007 ta
008 220922b |||||||| |||| 00| 0 san d
020 _a9789388562171 (hbk)
_c1000
024 _a353,083
037 _b5529, 20/12/2019, Meharchand Lachhhindas Publications
_cTextual
040 _aARTS
_cARTS
_bsan
041 _2san
_asan
082 _aO15,3:g(R4), 152Q9
100 _aशर्मा, शिवम कुमार, ले.
_9160929
245 0 _aसंस्कृत लोककथा एवं नैतिकता का विकास
246 _aSanskṛut lokakathā evan naitikatā kā vikāsa
260 _aनई दिल्ली
_b रावत प्रकाशन
_c2019
300 _a184पृ0
_ccm.
650 _aसंस्कृत साहित्य
942 _hO15,3:g(R4), 152Q9
_cTEXL
_2CC
999 _c301205
_d301205